000 01812cam a22004454i 4500
003 PE-LiUPU
005 20250731165431.0
008 160223s1992 pe grm 000 0 spa d
035 _a(Sirsi) a156257
040 _aPE-LiUPU
_bspa
_cPE-LiUPU
_erda
099 _aTE 2
_bQ73 1992
100 1 _aQuispe Rosas, Hernán
_eautor
245 1 3 _aLa influencia de la comunicación familiar en la socialización en los alumnos adolescentes del nivel secundario /
_cHernán Quispe Rosas.
264 0 _c1992.
300 _a127 hojas
_c30 cm
336 _atext
_2rdacontent
337 _aunmediated
_2rdamedia
338 _avolume
_2rdacarrier
502 _aTesis
_b(Lic.) --
_cUniversidad Peruana Unión,
_d1992.
504 _aIncluye referencias
520 3 _aLa finalidad de la educación es permitir al hombre "devenirse", llegar a "ser"(en el Complejo Educativo Adventista Unión, "Educar para esta vida y la eternidad"). Diversos son nuestros problemas de comunicación familiar, y estos pueden impedir o desviar el logro de la finalidad antes mencionada. Muchas veces, la conducta de los alumnos de 13 a 17 años aproximadamente, tiende a ser negativa en programas culturales y en los cultos de adoración a Dios en las iglesias.
526 _aSEG44
526 _aSEG26
526 _aP151
526 _aP150
526 _aP149
526 _aP146
526 _aP145
526 _aP126
526 _aP125
526 _aP92
526 _aP75
526 _aP74
526 _aP27
526 _aP15
650 1 4 _aRelaciones de familia
_xSocialización
_xEstudiantes de secundaria.
596 _a1
942 _2ddc
_cTESIS
999 _aTE 2 Q73 1992
_wALPHANUM
_c8941
_iT00186
_d8941
_lCCODEBUL3
_mBUL
_q1
_r1
_sY
_tTESIS
_u2016-2-23
_xEDUCACION
_PP14
_o.STAFF. Tesis
980 _81
_gALBERTO SANCHEZ Responsable de Automatización